|
|
|
|
| LEADER |
00000cam a2200000 7i4500 |
| 001 |
0000030316 |
| 005 |
20241202.0 |
| 008 |
230829 nyua eng |
| 020 |
|
|
|a 9780367539078 (paperback)
|
| 040 |
|
|
|a INS
|b eng
|e rda
|
| 090 |
0 |
0 |
|a HD1387
|b .G63 2022
|
| 100 |
1 |
|
|a Goddard, G. Jason ,
|e author
|
| 245 |
1 |
0 |
|a Real estate valuation :
|b a subjective approach
|c G. Jason Goddard
|
| 264 |
|
1 |
|a New York, NY :
|b Routledge
|c 2022
|
| 264 |
|
4 |
|c ©2022
|
| 300 |
|
|
|a xi, 225 pages :
|b illustrations, (some colour) ;
|c 25 cm.
|
| 336 |
|
|
|a text
|2 rdacontent
|
| 337 |
|
|
|a unmediated
|2 rdamedia
|
| 338 |
|
|
|a volume
|2 rdacarrier
|
| 504 |
|
|
|a Includes bibliographical references and index
|
| 650 |
|
0 |
|a Artificial intelligence
|x Economic aspects
|
| 650 |
|
0 |
|a Information technology
|x Management
|
| 650 |
|
0 |
|a Real property
|x Valuation
|
| 999 |
|
|
|a 1000004751
|b BOOK
|c Open Shelf
|e Default branch
|